Draf rancangan struktur
| Corporate Author: | |
|---|---|
| Format: | Book |
| Published: |
Pulau Pinang :
Majlis Perbandaran Pulau Pinang ,
1987
|
| Subjects: |
MARC
| LEADER | 00000cam a2200000 7i4500 | ||
|---|---|---|---|
| 001 | 0000000750 | ||
| 005 | 20000928.0 | ||
| 090 | 0 | 0 | |a 711.409595113 |b MAJ 1987 |
| 110 | 1 | 0 | |a Majlis Perbandaran Pulau Pinang |
| 245 | 1 | 0 | |a Draf rancangan struktur |c Majlis Perbandaran Pulau Pinang |
| 260 | 0 | 0 | |a Pulau Pinang : |b Majlis Perbandaran Pulau Pinang , |c 1987 |
| 300 | |a xvi, 152 p. : |b ill., maps ; |c 30 cm. | ||
| 650 | 0 | 0 | |a City planning |z Malaysia |
| 650 | 0 | 0 | |a Pulau Pinang |x City planning |
| 999 | |a 0000001825 |b Monograph |c Open Shelf |e Default branch | ||